| 000 | 00504nam a2200205Ia 4500 | ||
|---|---|---|---|
| 003 | OSt | ||
| 005 | 20230529093737.0 | ||
| 008 | 210423s1988 xx 000 0 und d | ||
| 040 | _cAL | ||
| 041 | _aeng | ||
| 082 |
_a030 LUCC _223 |
||
| 100 |
_aLUCK (Steve) _9115210 |
||
| 245 | _aConcise encyclopedia | ||
| 260 |
_aLondon _bGeorge Joseph _c1988 |
||
| 365 |
_b795 _cINR |
||
| 650 |
_aEncyclopedic Works _9115211 |
||
| 650 |
_aGeneral _9115212 |
||
| 906 | _aConcise ; encyclopedia | ||
| 942 |
_2ddc _cBK |
||
| 999 |
_c173484 _d173484 |
||